| 000 | 00955nas a2200337 4500 | ||
|---|---|---|---|
| 001 | BR2015006898 | ||
| 003 | BR-BrBNA | ||
| 005 | 20231205125957.0 | ||
| 007 | ta | ||
| 008 | 230509b bl.|||p| |||| 00| 00por d | ||
| 040 |
_aBR-BrBNA _bpor _cBiblioteca Nacional de Agricultura |
||
| 041 | _a(En) | ||
| 072 | _aF01; P10 | ||
| 100 | 1 | _aJesus, C.G. | |
| 100 | 1 | _aSilva Júnior, F.J. | |
| 100 | 1 | _aCamara, T.R. | |
| 100 | 1 | _aSilva, E.F.F. | |
| 100 | 1 | _aWilladino, L. | |
| 245 | 1 | _aProduction of rocket under salt stress in hydroponic systems | |
| 650 | _aRUCULA | ||
| 650 | _aHORTALICA FOLHOSA | ||
| 650 | _aERUCA SATIVA | ||
| 650 | _aENZIMA | ||
| 650 | _aANTIOXIDANTE | ||
| 650 | _aHORTALICA FOLHOSA | ||
| 650 | _aERUCA SATIVA | ||
| 650 | _aENZIMA | ||
| 773 | 0 |
_tHorticultura Brasileira (Brazil) _xISSN 0102-0536 _g(Oct-Dec 2015), v. 33(4) p. 493-497 _wBR2015006898 |
|
| 909 |
_a202311 _bLúcia _c55 _dLúcia Elande |
||
| 942 |
_2AGRIS _n0 _cANA |
||
| 999 |
_c247226 _d247226 |
||